Statistics for 737 Aircraft Types

Click here to take the quiz!

General Stats

  • This quiz has been taken 20 times
  • The average score is 6 of 12

Answer Stats

Answer% Correct
737-Max9
63%
737-200
56%
737-900
56%
737-Max10
56%
737-Max7
56%
737-300
50%
737-400
50%
737-500
50%
737-600
50%
737-800
50%
737-Max8
50%
737-700
44%

Score Distribution

Percentile by Number Answered

Percent of People with Each Score

Your Score History

You have not taken this quiz